Dare to lead : (Record no. 52022)

MARC details
000 -LEADER
fixed length control field 01139nam a22003137a 4500
005 - DATE AND TIME OF LATEST TRANSACTION
control field 20110429162328.0
008 - FIXED-LENGTH DATA ELEMENTS--GENERAL INFORMATION
fixed length control field 110429t xxu||||| |||| 00| 0 eng d
010 ## - LCCN (DPL NO)
LC control number ENG-102268
020 ## - INTERNATIONAL STANDARD BOOK NUMBER
International Standard Book Number 9788132106289
Terms of availability 795.00
035 ## - SYSTEM CONTROL NUMBER
System control number EN-85801
037 ## - SOURCE OF ACQUISITION
Source of stock number/acquisition DBAD/PUB
040 ## - CATALOGING SOURCE
Original cataloging agency DPL
Language of cataloging ENG
082 ## - DEWEY DECIMAL CLASSIFICATION NUMBER
Classification number 332.10954
100 ## - MAIN ENTRY--PERSONAL NAME
9 (RLIN) 27456
Personal name Khandelwal, Anil K.
245 ## - TITLE STATEMENT
Title Dare to lead :
Statement of responsibility, etc by Anil K. Khandelwal
Remainder of title the transformation of Bank Of Baroda /
260 ## - PUBLICATION, DISTRIBUTION, ETC. (IMPRINT)
Place of publication, distribution, etc New Delhi
Name of publisher, distributor, etc Sage Publications
Date of publication, distribution, etc 2011
270 ## - ADDRESS
Address B1/I-1 Mohan Cooperative Industrial Area, Mathura Road
City New Delhi
Postal code 110044
300 ## - PHYSICAL DESCRIPTION
Extent xxviii,403 p. :
Dimensions 25cm (Hb)
Other physical details col. photos
500 ## - GENERAL NOTE
General note Includes bibliographical references and index
610 ## - SUBJECT ADDED ENTRY--CORPORATE NAME
9 (RLIN) 27464
650 ## - SUBJECT ADDED ENTRY--TOPICAL TERM
9 (RLIN) 27465
Topical term or geographic name as entry element Leadership
Geographic subdivision India
650 ## - SUBJECT ADDED ENTRY--TOPICAL TERM
Topical term or geographic name as entry element Executive ability
Geographic subdivision India
9 (RLIN) 27523
650 ## - SUBJECT ADDED ENTRY--TOPICAL TERM
Topical term or geographic name as entry element Banks and banking
Geographic subdivision India
9 (RLIN) 27524
651 ## - SUBJECT ADDED ENTRY--GEOGRAPHIC NAME
9 (RLIN) 27466
700 ## - ADDED ENTRY--PERSONAL NAME
9 (RLIN) 27451
710 ## - ADDED ENTRY--CORPORATE NAME
9 (RLIN) 27453
942 ## - ADDED ENTRY ELEMENTS (KOHA)
Source of classification or shelving scheme Dewey Decimal Classification
Item type English Books
Classification part 332.10954
Call number suffix KHA
Holdings
Withdrawn status Lost status Source of classification or shelving scheme Damaged status Not for loan Collection code Home library Current library Date acquired Source of acquisition Cost, normal purchase price Total Checkouts Full call number Barcode Date last seen Copy number Cost, replacement price Koha item type
    Dewey Decimal Classification   Not For Loan Non-fiction D.B.Act.Division D.B.Act.Division 29/04/2011 DBAD/PUB 795.00   332.10954 KHA EN-85801 29/04/2011 1 795.00 English Books

© Delhi Public Library
Hit Counter
free hit counter